[Event "Tartu Rapid op"]
[Site "Tartu"]
[Date "2025.04.24"]
[Round "3"]
[White "Ehlvest, Jaan"]
[Black "Shishkov, Andrei"]
[Result "1-0"]
[WhiteElo "2532"]
[BlackElo "2343"]
[PlyCount "35"]
[EventDate "2025.04.24"]
[EventType "swiss (rapid)"]
[EventRounds "11"]
[EventCountry "EST"]
[SourceTitle "CB20_2025"]
[SourceDate "2025.05.14"]
[SourceVersion "1"]
[SourceVersionDate "2025.05.14"]
[SourceQuality "1"]

1. d4 Nf6 2. Nf3 e6 3. Bg5 c5 4. d5 exd5 5. Bxf6 Qxf6 6. Nc3 d4 7. Nd5 Qc6 8. e4 Bd6 9. c3 0-0 10. cxd4 Re8 11. Nc3 Qb6 12. Bc4 Qxb2 13. 0-0 Qxc3 14. Rc1 Qb2 15. Ng5 Rf8 16. Qh5 h6 17. Bxf7+ Kh8 18. Qg6 1-0

[Event "Tartu Rapid op"]
[Site "Tartu"]
[Date "2025.04.24"]
[Round "10"]
[White "Shishkov, Andrei"]
[Black "Volodin, Aleksandr"]
[Result "1/2-1/2"]
[WhiteElo "2343"]
[BlackElo "2471"]
[PlyCount "123"]
[EventDate "2025.04.24"]
[EventType "swiss (rapid)"]
[EventRounds "11"]
[EventCountry "EST"]
[SourceTitle "CB20_2025"]
[SourceDate "2025.05.14"]
[SourceVersion "1"]
[SourceVersionDate "2025.05.14"]
[SourceQuality "1"]

1. d4 Nf6 2. c4 e6 3. Nc3 d5 4. cxd5 exd5 5. Bg5 Bb4 6. e3 0-0 7. Bd3 h6 8. Bh4 c5 9. Nge2 cxd4 10. exd4 Bg4 11. f3 Be6 12. 0-0 Bd6 13. Nb5 Be7 14. Nf4 Nc6 15. Re1 Qd7 16. Nxe6 fxe6 17. Bf2 a6 18. Nc3 Bd6 19. Bc2 Nh5 20. g3 b5 21. a3 Nf6 22. Kg2 Rae8 23. Bg6 Rc8 24. Qd3 Ne7 25. Re2 Nxg6 26. Qxg6 Qf7 27. Qd3 Nd7 28. Rae1 Rfe8 29. g4 Bf4 30. Bg3 Bb8 31. a4 b4 32. Nd1 Rc6 33. Nf2 Nf8 34. a5 Rec8 35. Nh3 Bxg3 36. hxg3 Qc7 37. Nf4 Qxa5 38. Nxe6 Nxe6 39. Rxe6 Rxe6 40. Rxe6 Qa2 41. Re2 Qc4 42. Qe3 Kh8 43. b3 Qc3 44. Qe6 Rf8 45. Qxd5 Qd3 46. Rf2 a5 47. Qxa5 Qxb3 48. Qc5 Rd8 49. Rd2 Qc3 50. Qxc3 bxc3 51. Rc2 Rxd4 52. Rxc3 Kh7 53. f4 Rd2+ 54. Kf3 Rd1 55. Rc7 Rd3+ 56. Kg2 Rd2+ 57. Kh3 Kg6 58. f5+ Kf6 59. Rc6+ Kf7 60. Rc7+ Kf6 61. Rc6+ Kf7 62. Rc7+ 1/2-1/2

[Event "Tartu Estiko Blitz op 2nd"]
[Site "Tartu"]
[Date "2025.04.24"]
[Round "6"]
[White "Volodin, Aleksandr"]
[Black "Shishkov, Andrei"]
[Result "0-1"]
[WhiteElo "2471"]
[BlackElo "2343"]
[PlyCount "76"]
[EventDate "2025.04.24"]
[EventType "swiss (blitz)"]
[EventRounds "9"]
[EventCountry "EST"]
[SourceTitle "CB20_2025"]
[SourceDate "2025.05.14"]
[SourceVersion "1"]
[SourceVersionDate "2025.05.14"]
[SourceQuality "1"]

1. d4 Nf6 2. c4 e6 3. Nf3 d5 4. g3 dxc4 5. Bg2 Nc6 6. Qa4 Bb4+ 7. Bd2 Nd5 8. Bxb4 Ndxb4 9. 0-0 Bd7 10. a3 b5 11. Qd1 Nd5 12. e4 Nf6 13. Nc3 Rb8 14. d5 Ne7 15. Qd4 a6 16. Rad1 0-0 17. Qa7 Qc8 18. Ne5 exd5 19. exd5 Nf5 20. Nxd7 Nxd7 21. Rfe1 Ra8 22. Qxa8 Qxa8 23. d6 Qc8 24. dxc7 Qxc7 25. Nd5 Qc5 26. g4 Nd4 27. Re4 Ne6 28. Nb4 Nf6 29. Re2 a5 30. Nd5 Nxg4 31. Nc3 Qh5 32. h3 Ne5 33. Rd5 f6 34. Re4 b4 35. axb4 axb4 36. Ne2 Nf3+ 37. Bxf3 Qxd5 38. Kg2 Ng5 0-1

[Event "Titled Tuesday intern op 01st Apr Early"]
[Site "Chess.com INT"]
[Date "2025.04.01"]
[Round "3"]
[White "Lebedev, Artem S"]
[Black "Shishkov, Andrei"]
[Result "1-0"]
[WhiteElo "2116"]
[BlackElo "2343"]
[PlyCount "57"]
[EventDate "2025.04.01"]
[EventType "swiss (blitz)"]
[EventRounds "11"]
[EventCountry "USA"]
[SourceTitle "CB15_2025"]
[SourceDate "2025.04.09"]
[SourceVersion "1"]
[SourceVersionDate "2025.04.09"]
[SourceQuality "1"]

1. e4 d5 2. exd5 Nf6 3. d4 Nxd5 4. Bc4 Nc6 5. Nf3 Bg4 6. Bxd5 Qxd5 7. Nc3 Qh5 8. Be3 e6 9. Qd3 Bxf3 10. gxf3 Qxf3 11. Rg1 0-0-0 12. Ne2 e5 13. Rg3 Qh1+ 14. Rg1 Qxh2 15. d5 Nb4 16. Qe4 g6 17. 0-0-0 f5 18. Qc4 Qh5 19. Nc3 Qf3 20. a3 Na6 21. Nb5 Bd6 22. Nxa7+ Kb8 23. Nc6+ Kc8 24. Nxd8 Rxd8 25. Rh1 f4 26. Bb6 Kb8 27. Ba5 Qxf2 28. Rxh7 Qe3+ 29. Kb1 1-0

[Event "Titled Tuesday intern op 01st Apr Early"]
[Site "Chess.com INT"]
[Date "2025.04.01"]
[Round "5"]
[White "Shishkov, Andrei"]
[Black "Rossi, Maximiliano"]
[Result "1-0"]
[WhiteElo "2343"]
[BlackElo "2013"]
[PlyCount "31"]
[EventDate "2025.04.01"]
[EventType "swiss (blitz)"]
[EventRounds "11"]
[EventCountry "USA"]
[SourceTitle "CB15_2025"]
[SourceDate "2025.04.09"]
[SourceVersion "1"]
[SourceVersionDate "2025.04.09"]
[SourceQuality "1"]

1. d4 Nf6 2. c4 e6 3. Nc3 Bb4 4. Qc2 0-0 5. e4 d5 6. e5 Ne4 7. Bd3 Bxc3+ 8. bxc3 f5 9. exf6 Nxf6 10. Nf3 Kh8 11. 0-0 c5 12. Ba3 Nbd7 13. dxc5 Re8 14. Ng5 Qa5 15. Bb4 Qc7 16. Bxh7 1-0

[Event "Titled Tuesday intern op 04th Feb Early"]
[Site "Chess.com INT"]
[Date "2025.02.04"]
[Round "5"]
[White "Dushyant, Sharma"]
[Black "Shishkov, Andrei"]
[Result "1-0"]
[WhiteElo "2313"]
[BlackElo "2340"]
[PlyCount "57"]
[EventDate "2025.02.04"]
[EventType "swiss (blitz)"]
[EventRounds "11"]
[EventCountry "USA"]
[SourceTitle "CB07_2025"]
[SourceDate "2025.02.12"]
[SourceVersion "1"]
[SourceVersionDate "2025.02.12"]
[SourceQuality "1"]

1. e4 d5 2. exd5 Nf6 3. Nc3 Nxd5 4. Bc4 c6 5. Qf3 Nf6 6. d3 Bg4 7. Qg3 e6 8. Bf4 Nbd7 9. Nge2 h5 10. h4 Bb4 11. f3 Bf5 12. Nd4 Qa5 13. Bd2 0-0-0 14. 0-0 Bc5 15. Be3 Nb6 16. Qf2 Nxc4 17. dxc4 Bxc2 18. Nxc2 Bxe3 19. Qxe3 Qf5 20. Rf2 Rd3 21. Qg5 Qh7 22. Re1 Rhd8 23. Nb4 R3d4 24. a4 Rxc4 25. Nc2 Nd5 26. Nxd5 Rxd5 27. Qg3 Rxc2 28. Rxc2 Qxc2 29. Qxg7 1-0

[Event "Titled Tuesday intern op 04th Feb Early"]
[Site "Chess.com INT"]
[Date "2025.02.04"]
[Round "4"]
[White "Shishkov, Andrei"]
[Black "Badacsonyi, Stanley Ethan Artie"]
[Result "0-1"]
[WhiteElo "2340"]
[BlackElo "2307"]
[PlyCount "56"]
[EventDate "2025.02.04"]
[EventType "swiss (blitz)"]
[EventRounds "11"]
[EventCountry "USA"]
[SourceTitle "CB07_2025"]
[SourceDate "2025.02.12"]
[SourceVersion "1"]
[SourceVersionDate "2025.02.12"]
[SourceQuality "1"]

1. d4 Nf6 2. c4 g6 3. f3 Bg7 4. e4 d6 5. Nc3 0-0 6. Be3 c5 7. dxc5 dxc5 8. Qxd8 Rxd8 9. Bxc5 Nc6 10. Nge2 b6 11. Ba3 Ba6 12. b3 e6 13. Rd1 Rac8 14. Nc1 Nd4 15. Bd3 Nd7 16. Nb5 Bxb5 17. cxb5 Ne5 18. 0-0 Bh6 19. f4 Ng4 20. Rde1 Nc2 21. Bxc2 Rxc2 22. h3 Nf6 23. Be7 Rdd2 24. Rf3 Rxg2+ 25. Kf1 Nh5 26. Ne2 Rh2 27. Bh4 Nxf4 28. Ng1 Ng2 0-1

[Event "Titled Tuesday intern op 04th Feb Early"]
[Site "Chess.com INT"]
[Date "2025.02.04"]
[Round "7"]
[White "Tarnowska, Aleksandra"]
[Black "Shishkov, Andrei"]
[Result "0-1"]
[WhiteElo "1882"]
[BlackElo "2340"]
[PlyCount "70"]
[EventDate "2025.02.04"]
[EventType "swiss (blitz)"]
[EventRounds "11"]
[EventCountry "USA"]
[SourceTitle "CB07_2025"]
[SourceDate "2025.02.12"]
[SourceVersion "1"]
[SourceVersionDate "2025.02.12"]
[SourceQuality "1"]

1. e4 d5 2. exd5 Nf6 3. d4 Nxd5 4. Nc3 Nc6 5. Nf3 Bg4 6. Be2 e6 7. h3 Bxf3 8. Bxf3 Bb4 9. Bxd5 Qxd5 10. 0-0 Qxd4 11. Qf3 Bxc3 12. bxc3 Qf6 13. Qg3 e5 14. Bg5 Qg6 15. f4 h6 16. Bh4 Qxg3 17. Bxg3 exf4 18. Rfe1+ Kd7 19. Rad1+ Kc8 20. Bxf4 a5 21. g4 a4 22. Kg2 Ra5 23. Rd2 Rc5 24. Re3 Rc4 25. Bg3 b6 26. Rde2 Kb7 27. a3 h5 28. g5 h4 29. Bf2 Rh5 30. Rd3 Rxg5+ 31. Kh2 Ne5 32. Bd4 Nxd3 33. cxd3 Rc6 34. Re7 Rf5 35. Be3 Re6 0-1

[Event "Titled Tuesday intern op 28th Jan Early"]
[Site "Chess.com INT"]
[Date "2025.01.28"]
[Round "8"]
[White "Marcziter, Dmitrii"]
[Black "Shishkov, Andrei"]
[Result "1-0"]
[WhiteElo "2223"]
[BlackElo "2340"]
[PlyCount "61"]
[EventDate "2025.01.28"]
[EventType "swiss (blitz)"]
[EventRounds "11"]
[EventCountry "USA"]
[SourceTitle "CB06_2025"]
[SourceDate "2025.02.05"]
[SourceVersion "1"]
[SourceVersionDate "2025.02.05"]
[SourceQuality "1"]

1. d4 Nf6 2. c4 e6 3. a3 d5 4. Nc3 Be7 5. Bg5 0-0 6. e3 Nbd7 7. cxd5 Nxd5 8. Bxe7 Qxe7 9. Rc1 Nxc3 10. Rxc3 c5 11. Nf3 b6 12. Bb5 Rd8 13. Bc6 Rb8 14. 0-0 Ba6 15. Re1 Rbc8 16. Qa4 Nb8 17. Bb5 Bxb5 18. Qxb5 cxd4 19. Rxc8 Rxc8 20. Nxd4 g6 21. g3 e5 22. Nf3 Rc5 23. Qa4 b5 24. Qe4 Nc6 25. b4 Rc4 26. Qd5 a6 27. Rd1 Kg7 28. Nd2 Rc2 29. Ne4 f5 30. Nc5 Qf6 31. Nd7 1-0

[Event "Titled Tuesday intern op 14th Jan Early"]
[Site "Chess.com INT"]
[Date "2025.01.14"]
[Round "10"]
[White "Shishkov, Andrei"]
[Black "Tsiolakidis, Anastasios"]
[Result "1/2-1/2"]
[WhiteElo "2340"]
[BlackElo "2298"]
[PlyCount "85"]
[EventDate "2025.01.14"]
[EventType "swiss (blitz)"]
[EventRounds "11"]
[EventCountry "USA"]
[SourceTitle "CB04_2025"]
[SourceDate "2025.01.22"]
[SourceVersion "1"]
[SourceVersionDate "2025.01.22"]
[SourceQuality "1"]

1. d4 Nf6 2. c4 g6 3. f3 c5 4. d5 Bg7 5. e4 0-0 6. Ne2 e6 7. Nec3 exd5 8. cxd5 d6 9. Be3 Na6 10. Be2 Bd7 11. 0-0 Re8 12. Qd2 Nc7 13. a4 Na6 14. Na3 Nb4 15. Ncb5 Bxb5 16. axb5 Nfxd5 17. Bg5 Nf6 18. Rfd1 d5 19. exd5 Qxd5 20. Qf4 Rxe2 21. Rxd5 Nfxd5 22. Qc4 Bxb2 23. Qxe2 Bxa1 24. Nc4 Bd4+ 25. Kh1 a6 26. bxa6 Rxa6 27. h4 Kg7 28. h5 gxh5 29. Kh2 Rg6 30. f4 h6 31. Bh4 Nxf4 32. Qe4 Nxg2 33. Bg3 h4 34. Be5+ Kh7 35. Bxd4 cxd4 36. Qxd4 Nc6 37. Qf2 h3 38. Qxf7+ Rg7 39. Qf5+ Kg8 40. Qc8+ Kh7 41. Qf5+ Rg6 42. Qf7+ Rg7 43. Qf5+ 1/2-1/2

[Event "Titled Tuesday intern op 14th Jan Early"]
[Site "Chess.com INT"]
[Date "2025.01.14"]
[Round "1"]
[White "Tristan, Leonardo"]
[Black "Shishkov, Andrei"]
[Result "1-0"]
[WhiteElo "2542"]
[BlackElo "2340"]
[PlyCount "43"]
[EventDate "2025.01.14"]
[EventType "swiss (blitz)"]
[EventRounds "11"]
[EventCountry "USA"]
[SourceTitle "CB04_2025"]
[SourceDate "2025.01.22"]
[SourceVersion "1"]
[SourceVersionDate "2025.01.22"]
[SourceQuality "1"]

1. d4 Nf6 2. Nf3 d5 3. Bf4 e6 4. e3 Bd6 5. Bg3 c5 6. Bb5+ Nc6 7. c3 0-0 8. Nbd2 Ne7 9. Bd3 b6 10. e4 dxe4 11. Nxe4 Nxe4 12. Bxe4 Nd5 13. dxc5 Bxc5 14. 0-0 Ba6 15. Re1 Rc8 16. Qa4 Bb7 17. Qxa7 Qe7 18. Qa4 Bc6 19. Qc2 f5 20. Bd3 Rfe8 21. Bxf5 g6 22. Bxe6+ 1-0

[Event "Titled Tuesday intern op 07th Jan Early"]
[Site "Chess.com INT"]
[Date "2025.01.07"]
[Round "5"]
[White "Shishkov, Andrei"]
[Black "Baker, Chris W"]
[Result "1-0"]
[WhiteElo "2340"]
[BlackElo "2158"]
[PlyCount "79"]
[EventDate "2025.01.07"]
[EventType "swiss (blitz)"]
[EventRounds "11"]
[EventCountry "USA"]
[SourceTitle "CB03_2025"]
[SourceDate "2025.01.15"]
[SourceVersion "1"]
[SourceVersionDate "2025.01.15"]
[SourceQuality "1"]

1. d4 Nf6 2. c4 e6 3. Nc3 Bb4 4. Qc2 0-0 5. e4 d6 6. Bd3 Nc6 7. Nge2 e5 8. d5 Ne7 9. a3 Ba5 10. b4 Bb6 11. Na4 c6 12. 0-0 Bc7 13. Bb2 Ng6 14. f4 exf4 15. Nxf4 Ng4 16. Qc3 N6e5 17. h3 Nf6 18. Rad1 Bd7 19. dxc6 bxc6 20. c5 d5 21. exd5 Nxd5 22. Nxd5 cxd5 23. b5 Qg5 24. Bc2 Bxb5 25. Rf5 Qe7 26. Rxe5 Bxe5 27. Qxe5 Qxe5 28. Bxe5 Bxa4 29. Bxa4 Rfc8 30. c6 f6 31. Bg3 a5 32. Rxd5 Ra6 33. c7 Kf7 34. Bd7 Rxc7 35. Bxc7 Ra7 36. Bxa5 Ke7 37. Bb4+ Kf7 38. Bg4 g6 39. Rd7+ Rxd7 40. Bxd7 1-0

[Event "Titled Tuesday intern op 07th Jan Early"]
[Site "Chess.com INT"]
[Date "2025.01.07"]
[Round "7"]
[White "Shishkov, Andrei"]
[Black "Shukhman, Anna"]
[Result "1-0"]
[WhiteElo "2340"]
[BlackElo "2365"]
[PlyCount "145"]
[EventDate "2025.01.07"]
[EventType "swiss (blitz)"]
[EventRounds "11"]
[EventCountry "USA"]
[SourceTitle "CB03_2025"]
[SourceDate "2025.01.15"]
[SourceVersion "1"]
[SourceVersionDate "2025.01.15"]
[SourceQuality "1"]

1. d4 d5 2. c4 e5 3. dxe5 Ne7 4. cxd5 Qxd5 5. Qxd5 Nxd5 6. a3 Nc6 7. e4 Nb6 8. Bb5 Be6 9. Bg5 h6 10. Bh4 g5 11. Bg3 0-0-0 12. Bxc6 bxc6 13. Nd2 Bc5 14. Ne2 Na4 15. 0-0-0 Rd3 16. Kc2 Rhd8 17. Nc1 R3d4 18. b3 Nb6 19. b4 Be7 20. f3 c5 21. Bf2 Rd3 22. bxc5 Rxa3 23. cxb6 axb6 24. Nb1 Ra4 25. Rxd8+ Bxd8 26. Nc3 Rc4 27. Kd3 c6 28. N1e2 b5 29. Rb1 Ba5 30. Nd1 Ra4 31. Nec3 Ra3 32. Kc2 b4 33. Ne2 Bc4 34. Nc1 Kc7 35. Nb2 Bb5 36. Nbd3 Ba4+ 37. Kd2 b3+ 38. Ke2 Ra2+ 39. Kf1 Rc2 40. Nxb3 Bxb3 41. Rxb3 Bc3 42. Be1 Rc1 43. Ke2 Bxe1 44. Nxe1 Rc5 45. Kd3 Rxe5 46. Ke3 Ra5 47. Nd3 Ra2 48. Rb2 Ra3 49. Rc2 Kd6 50. Ke2 f6 51. Nb4 Rb3 52. Nxc6 Rb6 53. Nd4 Ke5 54. Nf5 h5 55. Rc5+ Ke6 56. Nd4+ Kd6 57. Rd5+ Ke7 58. Nf5+ Ke6 59. Kf2 Rb2+ 60. Kg3 Ra2 61. Rd6+ Kf7 62. Rb6 h4+ 63. Kh3 Kg6 64. Ne3 Re2 65. Ng4 Ra2 66. e5 Kh5 67. Rxf6 Ra6 68. Rf5 Rg6 69. Rf8 Ra6 70. Rh8+ Kg6 71. Rh6+ Kf5 72. Rh8 Kf4 73. Rf8+ 1-0